00226 a2200109 4500001000700000040003500007100002300042240001700065245001200082362000900094440001300103152095 cEscola São Tomás de Aquino aBRAGA, Edson Rocha10aSimbálpor10aSimbá0 a1998 1aScipione